| 000 | 01523cam a22003134a 4500 | ||
|---|---|---|---|
| 001 | 12641807 | ||
| 005 | 20030203111022.0 | ||
| 008 | 020111s2002 enka b 001 0 eng | ||
| 010 | _a 2002000385 | ||
| 020 | _a1853838977 (Paperback) | ||
| 020 | _a9781853838972 | ||
| 040 |
_aDLC _cDLC _dDLC |
||
| 042 | _apcc | ||
| 050 | 0 | 0 |
_aGE350 _b.B57 2002 |
| 082 | 0 | 0 |
_a363.7 _222 _bBIR |
| 100 | 1 |
_aBirkeland, Janis, _d1945- _922593 |
|
| 245 | 1 | 0 |
_aDesign for Sustainability : _bA Sourcebook of Integrated Eco-logical Solutions / _cJanis Birkeland. |
| 260 |
_aLondon : _bEarthscan Publications Ltd, 2002 _cc2002. |
||
| 300 |
_axiv, 274 p. : _bill. ; _c27 cm. |
||
| 504 | _aIncludes bibliographical references and index. | ||
| 650 | 0 |
_aEcological engineering. _922594 |
|
| 650 | 0 |
_aSustainable development. _922595 |
|
| 856 | 4 | 1 |
_3Table of contents _uhttp://www.loc.gov/catdir/toc/fy034/2002000385.html |
| 942 |
_2ddc _cNB |
||
| 999 |
_c15016 _d15016 |
||